| 000 | 00824nas a2200277 4500 | ||
|---|---|---|---|
| 001 | BR9704547 | ||
| 003 | BR-BrBNA | ||
| 005 | 20231205100535.0 | ||
| 007 | ta | ||
| 008 | 230509b bl.|||p| |||| 00| 00por d | ||
| 040 |
_aBR-BrBNA _bpor _cBiblioteca Nacional de Agricultura |
||
| 041 | _a(Pt) | ||
| 072 | _aQ04 | ||
| 100 | 1 | _aManfroi, V. | |
| 100 | 1 | _aMiele, A. | |
| 100 | 1 | _aRizzon, L.A. | |
| 100 | 1 | _aBarradas, C.I.N. | |
| 100 | 1 | _aManfroi, L. | |
| 245 | 1 | _aEfeito de diferentes epocas de desfolha e de colheita na composicao do vinho Cabernet Sauvignon | |
| 650 | _aVinho | ||
| 650 | _aComposicao Quimica | ||
| 650 | _aEpoca de Corte | ||
| 773 | 0 |
_tCiencia Rural (Brazil) _xISSN 0103-8478 _g(Jan-Mar 1997), v. 27(1) p. 139-143 _wBR9704547 |
|
| 909 |
_a202311 _bLúcia _c55 _dLúcia Elande |
||
| 942 |
_2AGRIS _n0 _cANA |
||
| 999 |
_c156566 _d156566 |
||